[Event "Saratov Region-ch Seniors"]
[Site "Saratov"]
[Date "2017.11.06"]
[Round "6"]
[White "Komarov, Jury"]
[Black "Grebennikov, Alexandr"]
[Result "0-1"]
[WhiteElo "1839"]
[BlackElo "1806"]
[PlyCount "96"]
[EventDate "2017.11.01"]
[EventType "swiss"]
[EventRounds "9"]
[EventCountry "RUS"]
[SourceTitle "EXT 2019"]
[Source "ChessBase"]
[SourceDate "2018.10.10"]
[SourceVersion "1"]
[SourceVersionDate "2018.10.10"]
[SourceQuality "1"]

1. d4 Nf6 2. c4 e6 3. Nc3 d5 4. Bg5 Be7 5. e3 b6 6. cxd5 exd5 7. Bb5+ c6 8. Bd3 Be6 9. h3 h6 10. Bh4 Ne4 11. Bxe7 Nxc3 12. Bxd8 Nxd1 13. Rxd1 Kxd8 14. Nf3 Nd7 15. 0-0 g5 16. Rc1 c5 17. dxc5 bxc5 18. b3 Rb8 19. Rc2 f5 20. Re1 Ke7 21. Bf1 Rhc8 22. Nd2 Rb4 23. f3 Kd6 24. Bd3 Ne5 25. Bf1 f4 26. e4 d4 27. Rec1 a5 28. Nc4+ Bxc4 29. Bxc4 h5 30. a3 Rb6 31. Bd5 Rb5 32. Kf2 Nd3+ 33. Ke2 Nxc1+ 34. Rxc1 Rcb8 35. a4 Rxb3 36. Bxb3 Rxb3 37. Kd2 Rb4 38. Kd3 Rxa4 39. Rg1 Ra3+ 40. Kc4 Kc6 41. Rc1 Ra4+ 42. Kd3 Ra3+ 43. Kc4 Ra2 44. Rb1 Rxg2 45. Rb8 Rc2+ 46. Kd3 Rc3+ 47. Ke2 a4 48. Ra8 a3 0-1

[Event "Saratov Region-ch Seniors"]
[Site "Saratov"]
[Date "2017.11.04"]
[Round "4"]
[White "Komarov, Jury"]
[Black "Strekalov, Boris"]
[Result "1-0"]
[WhiteElo "1839"]
[BlackElo "1565"]
[PlyCount "65"]
[EventDate "2017.11.01"]
[EventType "swiss"]
[EventRounds "9"]
[EventCountry "RUS"]
[SourceTitle "EXT 2019"]
[Source "ChessBase"]
[SourceDate "2018.10.10"]
[SourceVersion "1"]
[SourceVersionDate "2018.10.10"]
[SourceQuality "1"]

1. d4 d5 2. Nc3 Nf6 3. Bg5 e6 4. e3 Be7 5. Bd3 Nc6 6. a3 a6 7. Nf3 h6 8. Bh4 Qd6 9. h3 Qd8 10. 0-0 Nd7 11. Bxe7 Qxe7 12. e4 dxe4 13. Nxe4 0-0 14. Re1 Nf6 15. Ng3 Qd6 16. c3 Rd8 17. Bc2 Qf4 18. Qe2 b6 19. Ne4 Nxe4 20. Bxe4 Bb7 21. g3 Qf6 22. Nh2 Na5 23. Ng4 Qe7 24. Bc2 Bd5 25. Qd3 f5 26. Ne5 Nc6 27. Nxc6 Bxc6 28. Qxf5 exf5 29. Rxe7 Rd7 30. Rae1 Rf8 31. Rxd7 Bxd7 32. Re7 Rf7 33. Bb3 1-0

[Event "Saratov Regional-ch"]
[Site "Saratov"]
[Date "2015.12.13"]
[Round "8"]
[White "Chekmareva, Liya"]
[Black "Komarov, Jury"]
[Result "1-0"]
[WhiteElo "2063"]
[BlackElo "1883"]
[PlyCount "57"]
[EventDate "2015.12.05"]
[EventType "swiss"]
[EventRounds "9"]
[EventCountry "RUS"]
[SourceTitle "EXT 2017"]
[Source "ChessBase"]
[SourceDate "2016.10.25"]
[SourceVersion "1"]
[SourceVersionDate "2016.10.25"]
[SourceQuality "1"]

1. d4 Nf6 2. c4 c5 3. d5 b5 4. cxb5 a6 5. bxa6 g6 6. Nc3 Bxa6 7. g3 d6 8. Bg2 Nbd7 9. Nf3 Nb6 10. 0-0 Bc4 11. Nh4 Bg7 12. Re1 0-0 13. e4 h5 14. Nf3 Ng4 15. h3 Ne5 16. Nxe5 Bxe5 17. Qc2 Ra7 18. b3 Ba6 19. f4 Bd4+ 20. Be3 Bxe3+ 21. Rxe3 f6 22. e5 f5 23. g4 hxg4 24. hxg4 Bc8 25. e6 Qe8 26. g5 c4 27. Rh3 cxb3 28. Qf2 Rxa2 29. Qh4 1-0

[Event "Saratov Regional-ch"]
[Site "Saratov"]
[Date "2015.12.07"]
[Round "3"]
[White "Tyapkin, Petr"]
[Black "Komarov, Jury"]
[Result "0-1"]
[WhiteElo "1893"]
[BlackElo "1883"]
[PlyCount "164"]
[EventDate "2015.12.05"]
[EventType "swiss"]
[EventRounds "9"]
[EventCountry "RUS"]
[SourceTitle "EXT 2017"]
[Source "ChessBase"]
[SourceDate "2016.10.25"]
[SourceVersion "1"]
[SourceVersionDate "2016.10.25"]
[SourceQuality "1"]

1. d4 Nf6 2. Nf3 e6 3. c4 c5 4. d5 b5 5. Bg5 h6 6. Bxf6 Qxf6 7. Nc3 b4 8. Nb5 Na6 9. Qd2 exd5 10. Qxd5 Qc6 11. Qe5+ Qe6 12. Rd1 f6 13. Qh5+ Qf7 14. Qxf7+ Kxf7 15. g3 d5 16. cxd5 Bd7 17. e3 Be7 18. Bc4 Bxb5 19. Bxb5 Nc7 20. Bc4 Bd6 21. 0-0 Rhe8 22. Nd2 a6 23. Be2 f5 24. Nc4 Nb5 25. Bf3 Rad8 26. Rd2 Bc7 27. Rc1 Nd6 28. Nxd6+ Bxd6 29. Rc4 Kf6 30. Kf1 Re7 31. Ke2 g5 32. Kd1 a5 33. Kc2 g4 34. Bg2 h5 35. Rd3 h4 36. gxh4 Rh8 37. h3 Rxh4 38. hxg4 Rh2 39. g5+ Kxg5 40. Rd2 Kf6 41. Bf3 Rh3 42. Be2 Re4 43. Rxe4 fxe4 44. Bc4 a4 45. Bb5 a3 46. bxa3 bxa3 47. Kb3 Rh8 48. Kc4 Rb8 49. Rd1 Rh8 50. Kb3 Ke5 51. Bc4 Rf8 52. Rd2 Ra8 53. Re2 Ra7 54. Re1 Rf7 55. Kxa3 Rxf2 56. Kb3 Rf8 57. Rh1 Rf3 58. Re1 Be7 59. a4 Bg5 60. a5 Bxe3 61. Ka4 Kd4 62. Bb3 c4 63. Rd1+ Kc5 64. Ba2 Rf2 65. Ka3 Kd6 66. Bxc4 Bc5+ 67. Kb3 Rf3+ 68. Kb2 Ba3+ 69. Ka2 Bb4 70. a6 Rc3 71. Bb3 Bc5 72. Re1 e3 73. Re2 Bd4 74. Ka3 Rc1 75. Kb4 Ra1 76. Kc4 Bc5 77. Kc3 Rxa6 78. Rh2 Ke5 79. Rh5+ Kf4 80. Rh4+ Kf3 81. Rh5 e2 82. Re5 Be3 0-1

[Event "Saratov Region-ch Seniors"]
[Site "Saratov"]
[Date "2015.11.05"]
[Round "3"]
[White "Dmitrieva, Galina Vladimirovna"]
[Black "Komarov, Jury"]
[Result "0-1"]
[WhiteElo "1496"]
[BlackElo "1915"]
[PlyCount "56"]
[EventDate "2015.11.02"]
[EventType "swiss"]
[EventRounds "7"]
[EventCountry "RUS"]
[SourceTitle "CBM 169 Extra"]
[Source "ChessBase"]
[SourceDate "2015.12.18"]
[SourceVersion "1"]
[SourceVersionDate "2015.12.18"]
[SourceQuality "1"]

1. e4 c5 2. Nf3 Nc6 3. d4 cxd4 4. c3 dxc3 5. Nxc3 Nf6 6. Bc4 e6 7. e5 Ng4 8. Qe2 Qc7 9. Bf4 f6 10. 0-0 Ngxe5 11. Nxe5 Nxe5 12. Bg3 Qxc4 13. Qc2 Bb4 14. Rac1 Bxc3 15. bxc3 0-0 16. Rfd1 Nc6 17. a3 d5 18. Bd6 Rd8 19. Bc7 Rd7 20. Bg3 Rf7 21. Rd3 e5 22. Rcd1 Bf5 23. f4 Bxd3 24. Rxd3 exf4 25. Bf2 Re8 26. Rh3 Qe4 27. Qd1 Rfe7 28. Qh5 Qb1+ 0-1